000 00828nam a2200241Ia 4500
003 OSt
005 20220923225418.0
006 a|||||r|||| 00| 0
007 ta
008 220922b |||||||| |||| 00| 0 hin d
024 _a266,953
037 _cTextual
040 _aARTS
_cARTS
_bhin
041 _2hin
_ahin
082 _aR66, 152M7
100 _aशर्मा, राममूर्ति
245 0 _aअद्वैत वेदान्त
_b इतिहास तथा सिद्धान्त
246 _aAdvait vedānta: itihās tathā siddhānta
260 _aदिल्ली
_b ईस्टर्न बुक लिंकर्स
_c1987
300 _a386पृ.
_ccm.
942 _hR66, 152M7
_cTEXL
_2CC
999 _c378097
_d378097